Colombia : (Registro nro. 7520)
[ vista simple ]
| 000 -LEADER | |
|---|---|
| fixed length control field | 00957nam a22002774a 4500 |
| 001 - CONTROL NUMBER | |
| control field | 3577561 |
| 003 - CONTROL NUMBER IDENTIFIER | |
| control field | OSt |
| 005 - DATE AND TIME OF LATEST TRANSACTION | |
| control field | 20210310115237.0 |
| 008 - FIXED-LENGTH DATA ELEMENTS--GENERAL INFORMATION | |
| fixed length control field | 990203s1998 ck a b 000 0 spa |
| 010 ## - LIBRARY OF CONGRESS CONTROL NUMBER | |
| LC control number | 99169076 |
| 020 ## - INTERNATIONAL STANDARD BOOK NUMBER | |
| International Standard Book Number | 9589580556 |
| 040 ## - CATALOGING SOURCE | |
| Original cataloging agency | DLC |
| Transcribing agency | CO-JMCR |
| 041 1# - LANGUAGE CODE | |
| Language code of text/sound track or separate title | spa |
| Language code of summary or abstract | eng |
| 082 04 - DEWEY DECIMAL CLASSIFICATION NUMBER | |
| Classification number | 578.7741 / |
| Item number | E746c |
| Edition number | 23 |
| 100 1# - MAIN ENTRY--PERSONAL NAME | |
| Personal name | Escobar Meyer, Marlene, |
| Relator term | autora |
| 9 (RLIN) | 14653 |
| 245 00 - TITLE STATEMENT | |
| Title | Colombia : |
| Remainder of title | patria de tres mares / |
| Statement of responsibility, etc. | Marlene Escobar Meyer ; traducción al inglés, Andrew Reid |
| 250 ## - EDITION STATEMENT | |
| Edition statement | Primera edición |
| 260 ## - PUBLICATION, DISTRIBUTION, ETC. | |
| Place of publication, distribution, etc. | Bogotá : |
| Name of publisher, distributor, etc. | Diego Samper, |
| Date of publication, distribution, etc. | 1998 |
| 300 ## - PHYSICAL DESCRIPTION | |
| Extent | 240 páginas : |
| Other physical details | ilustraciones, mapas y fotografías a color y blanco y negro ; |
| Dimensions | 34 cm. |
| 504 ## - BIBLIOGRAPHY, ETC. NOTE | |
| Bibliography, etc. note | Bibliografía : páginas 228-231. |
| 505 0# - FORMATTED CONTENTS NOTE | |
| Formatted contents note | Caribe -- Pacífico -- Amazonas y Orinoquia |
| 650 14 - SUBJECT ADDED ENTRY--TOPICAL TERM | |
| Topical term or geographic name entry element | Biología Marina |
| Geographic subdivision | Colombia. |
| 9 (RLIN) | 14654 |
| 650 24 - SUBJECT ADDED ENTRY--TOPICAL TERM | |
| Topical term or geographic name entry element | Ecosistemas |
| Geographic subdivision | Colombia |
| 9 (RLIN) | 14655 |
| 700 1# - ADDED ENTRY--PERSONAL NAME | |
| Personal name | Reid, Andrew, |
| Relator term | traductor |
| 9 (RLIN) | 14656 |
| 942 ## - ADDED ENTRY ELEMENTS (KOHA) | |
| Source of classification or shelving scheme | Dewey Decimal Classification |
| Koha item type | Books |
| Withdrawn status | Lost status | Source of classification or shelving scheme | Damaged status | Not for loan | Home library | Current library | Shelving location | Date acquired | Source of acquisition | Total Checkouts | Full call number | Barcode | Date last seen | Date last checked out | Copy number | Price effective from | Koha item type |
|---|---|---|---|---|---|---|---|---|---|---|---|---|---|---|---|---|---|
| Dewey Decimal Classification | Biblioteca Pública José María del Castillo y Rada | Biblioteca Pública José María del Castillo y Rada | General Stacks | Donación | 2 | 578.7741 / E746c | 201810789 | 10/09/2025 | 10/09/2025 | Ej.1 | Books |